书目信息 |
| 题名: |
行政职业技能测验
|
|
| 作者: | 车桂林 主编 | |
| 分册: | ||
| 出版信息: | 北京 中共党史出版社 2006 |
|
| 页数: | 406页 | |
| 开本: | 26cm | |
| 丛书名: | ||
| 单 册: | ||
| 中图分类: | D630.3 | |
| 科图分类: | ||
| 主题词: | 公务员--招聘--考试--中国--教材 , 行政管理--能力倾向测验--中国--教材 | |
| 电子资源: | ||
| ISBN: | 7-80199-150-8 | |
| 000 | 00703nam0 2200229 450 | |
| 001 | 0741466910 | |
| 005 | 20070714153152.21 | |
| 010 | @a7-80199-150-8@dCNY39.00 | |
| 100 | @a20070714d2006 km y0chiy0120 ea | |
| 101 | 0 | @achi |
| 102 | @aCN@b110000 | |
| 200 | 1 | @a行政职业技能测验@Axing zheng zhi ye ji neng ce yan@e一、二通用@f车桂林主编@Fche gui lin zhu bian |
| 205 | @a2版 | |
| 210 | @a北京@c中共党史出版社@d2006 | |
| 215 | @a406页@d26cm | |
| 517 | 1 | @a一、二通用@Ayi、er tong yong |
| 606 | 0 | @a公务员@x招聘@x考试@y中国@x教材 |
| 606 | 0 | @a行政管理@x能力倾向测验@y中国@x教材 |
| 690 | @aD630.3@v3 | |
| 701 | 0 | @a车桂林@Ache gui lin@4主编 |
| 801 | 0 | @aCN@bPFT@c20070714 |
| 905 | @a10447@dD630.3@e109 | |
| 行政职业技能测验:一、二通用/车桂林主编.-2版.-北京:中共党史出版社,2006 |
| 406页;26cm |
| ISBN 7-80199-150-8:CNY39.00 |
| ● |
| 相关链接 |
|
|
|
|
正题名:行政职业技能测验
索取号:D630.3/109
 
预约/预借
| 序号 | 登录号 | 条形码 | 馆藏地/架位号 | 状态 | 备注 |
| 1 | 0779169 | 207791692 | 第一样本阅览室/ [索取号:D630.3/109] | 在馆 |